000 01207 a2200229 4500
001 30080
005 20260407155611.0
008 260407a2015 arg spa d
003 AR-UNSa-BCEJYS
040 _aAR-UNSa-BCEJYS
_bspa
_cAR-UNSa-BCEJYS
080 _a340.12
_xTendencias en la teoría del derecho. Escuelas, doctrinas jurídicas. Filosofía del derecho. Teorías sobre el Estado y el derecho
245 1 0 _aDel ajedrez a la cortesía
_pDworkin y la teoría contemporánea del derecho
020 _a978-987-745-010-1
264 1 _aBuenos Aires :
_bAD-HOC
_c2015
300 _a335 p.
_c23 cm.
505 _a1. El derecho y la filosofía: una nueva agenda en el debate teórico-jurídico - 2. El giro metodológico y la teoría del derecho - 3. Rumbo a la herméneutica de las prácticas jurídicas: Weber y Hart - 4. El desafío del positivismo - 5. Dworkin y la teoría de la interpretación - 6. La nueva conceptografía de Dworkin
041 _aspa
942 _cBK
590 _aniveau_biblio:m niveau_hierar:0
100 1 _aPorto Macedo Junior, Ronaldo
856 4 1 _uhttps://biblioeco.unsa.edu.ar/pmb/images/libros/Teoria Contemporanea del Derecho-l125115.jpg
_yImagen de portada
_qimage/jpeg
999 _c2007
_d2007